Guess the city by sports teams abbreviations #3 - Statistics

General Stats
  • This quiz has been taken 22 times
  • The average score is 7 of 10
Answer Stats
NBA NFL NHL MLB City % Correct
L / C R / C K / D D / A Los Angeles
100%
R O Baltimore
80%
C B G Cleveland
75%
S E F P Philadelphia
70%
C Montreal/Vancouver
60%
P San Diego
60%
B L R Tampa
60%
P C Indianapolis
55%
P Green Bay
45%
C R Kansas City
45%
No matching quizzes found
Score Distribution
Percent of People with Each Score
Percentile by Number Answered
Your Score History
You have not taken this quiz